000 00219nam a22000857a 4500
008 161024b xxu||||| |||| 00| 0 eng d
100 _9944
_aYoung Learners
245 _aCinderella
260 _aNew Delhi
_bYLP Publications
_c2011
999 _c3598
_d3598